The borders of islam. exploring samuel huntington's fultlines, from al-andalus to the virtual ummah / (Record no. 14035)

000 -LEADER
fixed length control field 00873nam a2200253 a 4500
001 - CONTROL NUMBER
control field ASIN1850659737
005 - DATE AND TIME OF LATEST TRANSACTION
control field 20170105102845.0
008 - FIXED-LENGTH DATA ELEMENTS--GENERAL INFORMATION
fixed length control field 130815s2009 xxu eng d
020 ## - INTERNATIONAL STANDARD BOOK NUMBER
International Standard Book Number 1850659737 (paperback)
020 ## - INTERNATIONAL STANDARD BOOK NUMBER
International Standard Book Number 9781850659730 (paperback)
040 ## - CATALOGING SOURCE
Original cataloging agency 0
050 04 - LIBRARY OF CONGRESS CALL NUMBER
Classification number CB251
082 04 - DEWEY DECIMAL CLASSIFICATION NUMBER
Classification number 909.1
100 1# - MAIN ENTRY--PERSONAL NAME
Personal name Kardas, Atle Mesoy Stig Jarle Hansen Tuncay.
245 14 - TITLE STATEMENT
Title The borders of islam. exploring samuel huntington's fultlines, from al-andalus to the virtual ummah /
Statement of responsibility, etc. Atle Mesoy Stig Jarle Hansen Tuncay Kardas.
260 ## - PUBLICATION, DISTRIBUTION, ETC.
Place of publication, distribution, etc. [S.l.] :
Name of publisher, distributor, etc. HURST & COMPANY,
Date of publication, distribution, etc. 2009.
300 ## - PHYSICAL DESCRIPTION
Extent 1 v. (unpaged) ;
Dimensions 22 cm.
650 #0 - SUBJECT ADDED ENTRY--TOPICAL TERM
Topical term or geographic name entry element East and West
650 #0 - SUBJECT ADDED ENTRY--TOPICAL TERM
Topical term or geographic name entry element Huntington, Samuel P
650 #0 - SUBJECT ADDED ENTRY--TOPICAL TERM
Topical term or geographic name entry element Islam--Relations
650 #0 - SUBJECT ADDED ENTRY--TOPICAL TERM
Topical term or geographic name entry element Islamic civilization
856 40 - ELECTRONIC LOCATION AND ACCESS
Materials specified Amazon.com
Uniform Resource Identifier <a href="http://www.amazon.com/exec/obidos/ASIN/1850659737/chopaconline-20">http://www.amazon.com/exec/obidos/ASIN/1850659737/chopaconline-20</a>
942 ## - ADDED ENTRY ELEMENTS (KOHA)
Source of classification or shelving scheme
Koha item type Book
Holdings
Withdrawn status Lost status Damaged status Not for loan Collection code Permanent Location Current Location Shelving location Date acquired Total Checkouts Full call number Barcode Date last seen Price effective from Koha item type
          Centre for International Peace & Stability (CIPS) Centre for International Peace & Stability (CIPS) General Stacks 08/15/2013   909.1 JAR 1988 CIPS0000648 08/15/2013 01/05/2017 Book
© 2023 Central Library, National University of Sciences and Technology. All Rights Reserved.